|
|
|
|
| LEADER |
00000nam0a2200000 4500 |
| 001 |
164095 |
| 005 |
20231031161102.0 |
| 010 |
|
|
|a 5080020814
|
| 020 |
|
|
|a RU
|b 90-49096
|
| 035 |
|
|
|a (RuTPU)RU\TPU\book\178041
|
| 090 |
|
|
|a 164095
|
| 100 |
|
|
|a 20090831d1990 e a0rusy5003 ca
|
| 101 |
0 |
|
|a rus
|
| 102 |
|
|
|a RU
|
| 105 |
|
|
|a a z 000ay
|
| 200 |
1 |
|
|a В тени храма Ясукуни
|e очерки
|e для старшего школьного возраста
|f Л. М. Млечин
|g худож. В. Жигарев
|
| 210 |
|
|
|a Москва
|c Детская литература
|d 1990
|
| 215 |
|
|
|a 139,[2] с.
|c ил.
|d 20 см
|
| 610 |
1 |
|
|a Япония
|
| 610 |
1 |
|
|a 20 век
|
| 610 |
1 |
|
|a детская литература
|
| 610 |
1 |
|
|a очерки
|
| 686 |
|
|
|a Т3(5Я)
|2 rubbk
|
| 700 |
|
1 |
|a Млечин
|b Л. М.
|g Леонид Михайлович
|4 070
|
| 702 |
|
1 |
|a Жигарев
|b В.
|4 440
|
| 801 |
|
0 |
|a RU
|b RuMRKP
|c 19950417
|g psbo
|
| 801 |
|
1 |
|a RU
|b 63413507
|c 20090831
|
| 801 |
|
2 |
|a RU
|b 63413507
|c 20090831
|g RCR
|
| 942 |
|
|
|c BK
|